/ adab aur adeeb ادب اور اديب (Record no. 38629)
[ view plain ]
| 000 -LEADER | |
|---|---|
| fixed length control field | 00570nam a2200205 a 4500 |
| 001 - CONTROL NUMBER | |
| control field | 38629 |
| 003 - CONTROL NUMBER IDENTIFIER | |
| rucl marc code | BD-RjUL |
| 005 - DATE AND TIME OF LATEST TRANSACTION | |
| control field | 20211209052830.0 |
| 008 - FIXED-LENGTH DATA ELEMENTS--GENERAL INFORMATION | |
| fixed length control field | 160128b1966 PK ||||| |||| 00| 0 URD d |
| 035 ## - SYSTEM CONTROL NUMBER | |
| System control number | (BD-RjUL) 38737 |
| 040 ## - CATALOGING SOURCE | |
| Original cataloging agency | BD-RjUL |
| Language of cataloging | urd |
| Transcribing agency | BD-RjUL |
| 041 ## - LANGUAGE CODE | |
| Language code of text/sound track or separate title | urd |
| 082 ## - DEWEY DECIMAL CLASSIFICATION NUMBER | |
| Edition number | 20 |
| Classification number | 891.4309 |
| Author mark and year | HUA 1966 |
| 100 ## - MAIN ENTRY--PERSONAL NAME | |
| Personal name | Husain,fakhar |
| 9 (RLIN) | 119222 |
| 245 ## - TITLE STATEMENT | |
| Title | / adab aur adeeb ادب اور اديب |
| Statement of responsibility, etc. | fakhar husain |
| 260 ## - PUBLICATION, DISTRIBUTION, ETC. (IMPRINT) | |
| Place of publication, distribution, etc. | Lahore : |
| Name of publisher, distributor, etc. | nagar i shat, |
| Date of publication, distribution, etc. | 1988 |
| 300 ## - PHYSICAL DESCRIPTION | |
| Pagination | 210 p. ; |
| Size | 25 cm. |
| 650 ## - SUBJECT ADDED ENTRY--TOPICAL TERM | |
| Topical term or geographic name as entry element | Urdu literature |
| Form subdivision | criticism |
| 9 (RLIN) | 119223 |
| 942 ## - ADDED ENTRY ELEMENTS (KOHA) | |
| Source of classification or shelving scheme | Dewey Decimal Classification |
| Koha item type | Books |
| Lost status | Source of classification or shelving scheme | Damaged status | Not for loan | Collection code | Permanent Location | Current Location | Shelving location | Date acquired | Source of acquisition | Total Checkouts | Full call number | Date last seen | Copy number | Koha item type |
|---|---|---|---|---|---|---|---|---|---|---|---|---|---|---|
| Dewey Decimal Classification | Non-fiction | Central Library, University of Rajshahi | Central Library, University of Rajshahi | 07/03/1993 | london ,urdu society | U 891.4309 HUA 1988 | 28/01/2016 | C-2 | Books |